|
|
|
|
| LEADER |
00000nam a22000007a 4500 |
| 005 |
20180313211312.0 |
| 007 |
cr|||| |||| |
| 008 |
180313s2017 es |||||s|||| 00||0 spa d |
| 035 |
|
|
|a 21072
|
| 040 |
|
|
|a vLex
|
| 090 |
|
|
|c 7467
|d 7467
|
| 100 |
1 |
|
|a Acosta Pumarejo, Enrique
|
| 245 |
1 |
0 |
|a Aproximacin̤ al contenido de los principios generales de derecho
|h [Recurso electrn̤ico] /
|c Enrique Acosta Pumarejo
|
| 256 |
|
|
|a Servicio en ln̕ea
|
| 260 |
|
|
|a Barcelona:
|b Editorial vLex,
|c 2017
|
| 300 |
|
|
|a 1 recurso electrn̤ico
|
| 506 |
1 |
|
|a Disponible solo en los productos indicados
|d vLex Global
|d vLex Global (Academic Edition, excluding Law Schools)
|d vLex Global (U.S. Academic Edition, Law Schools)
|d vLex Global (U.S. Academic Edition, excluding Law Schools)
|d vLex Global (Academic Edition, Law Schools)
|
| 650 |
0 |
4 |
|a Derecho Civil
|z Espaą
|
| 740 |
0 |
|
|a vLex Libros (Servicio en ln̕ea)
|
| 856 |
4 |
0 |
|u http://vlex.com/source/aproximacion-al-contenido-de-los-principios-generales-de-derecho-21072
|z Acceso restringido
|
| 942 |
|
|
|c BOOK
|
| 999 |
0 |
|
|a Civil Law
|